000 01083nam a2200241 a 4500
005 20160901130717.0
008 110518s1995 pe gr 00010 eng d
040 _aCO-BoBLA
_cCO-BoBLA
041 0 _aeng
_aspa
_apor
082 0 4 _a333.75
_bB67p
245 1 0 _aProposal of criteria and indicators for sustainability of the Amazon Forest /
_cM. P. Botto.
246 3 1 _aPropuesta de criterios e indicadores de sostenibilidad del bosque amazónico
246 3 1 _aProposta sobre critérios e indicadores sustentabilidade da floresta amazônica
260 _aLima, Perú :
_bACT, Amazon Cooperation Treaty. Pro Tempore Secretariat,
_c1995.
300 _a149 páginas ;
_c30 x 21 cm.
546 _aTexto en inglés, español y portugues.
650 2 6 _aDesarrollo sostenible
_zAmazonas (Región)
650 2 6 _aIndicadores ecológicos
_zAmazonas (Región)
650 2 6 _aConservación de la naturaleza
_z Amazonas (Región)
650 2 6 _aBosque húmedo
_xconservación
_zAmazonas (Región)
700 1 _aBotto, M. P.
_ecoordinador
942 _2ddc
_cLIBRO
999 _c2143
_d2143